[Event "Scarborough CC Jack Frost Swiss"]
[Site "Toronto CAN"]
[Date "2023.01.19"]
[Round "3.6"]
[White "Wu, Nolan"]
[Black "Grisar, Charles"]
[Result "0-1"]
[WhiteElo "1673"]
[BlackElo "1803"]
[PlyCount "100"]
[EventDate "2023.01.05"]
[EventType "swiss"]
[EventRounds "6"]
[EventCountry "CAN"]

1. e4 e6 2. d4 d5 3. Nd2 dxe4 4. Nxe4 Bd7 5. Nf3 Bc6 6. Bd3 Nd7 7. O-O Ngf6 8.
c3 Nxe4 9. Re1 Nef6 10. Ng5 Bd6 11. Qc2 h6 12. Rxe6+ Kf8 13. Nxf7 Kxf7 14. Bg6+
Kg8 15. Re8+ Qxe8 16. Bxe8 Rxe8 17. Be3 Be4 18. Qb3+ Kh7 19. c4 Rhf8 20. h3 c5
21. d5 b6 22. Rd1 Ne5 23. Qc3 Kh8 24. b3 Ng6 25. Qd2 Ne7 26. f3 Bh7 27. g4 Ng6
28. Rf1 Nd7 29. f4 Rf7 30. a3 Rfe7 31. Rf3 Ngf8 32. Qf2 Re4 33. Kf1 Be7 34. g5
hxg5 35. fxg5 Ng6 36. Bd2 Nde5 37. Re3 Rf4 38. Qxf4 Nxf4 39. Rxe5 Ng6 40. Re6
Rf8+ 41. Kg2 Nh4+ 42. Kg3 Nf5+ 43. Kg4 Bd6 44. Re2 g6 45. Re6 Rf7 46. b4 Re7
47. Rxe7 Bxe7 48. bxc5 Bxc5 49. a4 Kg7 50. Kf4 Kf7 0-1

[Event "Scarborough CC Jack Frost Swiss"]
[Site "Toronto CAN"]
[Date "2023.01.16"]
[Round "4.1"]
[White "Huang, Richard"]
[Black "Ajith, Aayush"]
[Result "1-0"]
[WhiteElo "1948"]
[BlackElo "2132"]
[PlyCount "91"]
[EventDate "2023.01.05"]
[EventType "swiss"]
[EventRounds "6"]
[EventCountry "CAN"]

1. Nf3 Nf6 2. d4 e6 3. g3 d5 4. Bg2 c5 5. c3 Nc6 6. O-O Bd6 7. Re1 Ne4 8. Nfd2
f5 9. f3 Nxg3 10. hxg3 Bxg3 11. Nf1 Bxe1 12. Qxe1 cxd4 13. Qg3 O-O 14. cxd4
Nxd4 15. Nc3 b5 16. Bf4 Rf7 17. e3 b4 18. exd4 bxc3 19. bxc3 Qa5 20. Qe1 Bd7
21. Qd2 Rc8 22. Rc1 Bb5 23. Ng3 Bc4 24. Rc2 Rb7 25. Be5 Qd8 26. Rb2 Rf7 27. Qe3
Qh4 28. Bf4 e5 29. Qxe5 Re7 30. Nxf5 Rxe5 31. Nxh4 Rh5 32. Bg3 Rf8 33. Bh3 Rh6
34. f4 Rb6 35. Rxb6 axb6 36. Be6+ Kh8 37. f5 Bxa2 38. Be5 Bc4 39. Kf2 Ba6 40.
Bxd5 Bc8 41. Be4 Kg8 42. Ke3 Ba6 43. Bd5+ Kh8 44. c4 Bc8 45. Ke4 Bd7 46. Be6
1-0

[Event "Scarborough CC Jack Frost Swiss"]
[Site "Toronto CAN"]
[Date "2023.01.26"]
[Round "4.2"]
[White "Lawless, David"]
[Black "Guo, Josh"]
[Result "1/2-1/2"]
[WhiteElo "1910"]
[BlackElo "2254"]
[PlyCount "78"]
[EventDate "2023.01.05"]
[EventType "swiss"]
[EventRounds "6"]
[EventCountry "CAN"]

1. e4 c5 2. Nc3 a6 3. g3 b5 4. Bg2 Bb7 5. d3 e6 6. Nh3 b4 7. Nb1 d5 8. Nd2 Nf6
9. O-O Be7 10. e5 Nfd7 11. f4 g6 12. Nc4 Nc6 13. Ne3 Nd4 14. c3 Nf5 15. Nxf5
gxf5 16. c4 Nb6 17. b3 Qd7 18. Bb2 h5 19. Ng5 a5 20. Bf3 dxc4 21. dxc4 Qxd1 22.
Raxd1 Bxf3 23. Rxf3 a4 24. Rfd3 h4 25. Kg2 Kf8 26. Bc1 hxg3 27. hxg3 Kg7 28.
Be3 axb3 29. axb3 Ra2+ 30. R1d2 Rha8 31. Nf3 R8a3 32. Rxa2 Rxa2+ 33. Nd2 Kf8
34. Kf3 Ke8 35. g4 fxg4+ 36. Kxg4 Nd7 37. Bf2 Rc2 38. Kf3 Rc3 39. Ke4 Rc2
1/2-1/2

[Event "Scarborough CC Jack Frost Swiss"]
[Site "Toronto CAN"]
[Date "2023.01.26"]
[Round "4.3"]
[White "Southam, David"]
[Black "Grisar, Charles"]
[Result "1-0"]
[WhiteElo "2060"]
[BlackElo "1803"]
[PlyCount "89"]
[EventDate "2023.01.05"]
[EventType "swiss"]
[EventRounds "6"]
[EventCountry "CAN"]

1. d4 g6 2. c4 Nf6 3. Nc3 Bg7 4. e4 d6 5. f3 O-O 6. Be3 Nbd7 7. Qd2 c5 8. Nge2
Qa5 9. Nd5 Qxd2+ 10. Kxd2 Nxd5 11. exd5 cxd4 12. Nxd4 a6 13. Kc2 b5 14. Nc6
bxc4 15. Bxc4 Ne5 16. Nxe5 Bxe5 17. Rad1 Bf5+ 18. Kc1 Rfc8 19. b3 h5 20. Bd4
Bf4+ 21. Kb2 Rab8 22. Bd3 Bxd3 23. Rxd3 Rb5 24. g3 Bh6 25. Bc3 Rbc5 26. Rhd1
Bg7 27. Bxg7 Rc2+ 28. Kb1 Kxg7 29. R3d2 Rxd2 30. Rxd2 Kf6 31. Kb2 Rc5 32. b4
Rb5 33. Kc3 a5 34. a3 axb4+ 35. axb4 e6 36. dxe6 Kxe6 37. Kc4 Rf5 38. Rd3 Kd7
39. b5 Kc7 40. f4 Rc5+ 41. Kb4 Rc2 42. Rc3+ Rxc3 43. Kxc3 f6 44. Kd4 g5 45. Kd5
1-0

[Event "Scarborough CC Jack Frost Swiss"]
[Site "Toronto CAN"]
[Date "2023.01.26"]
[Round "4.4"]
[White "Yang, Larry"]
[Black "Sharpe, Sam"]
[Result "1/2-1/2"]
[WhiteElo "1837"]
[BlackElo "1927"]
[PlyCount "64"]
[EventDate "2023.01.05"]
[EventType "swiss"]
[EventRounds "6"]
[EventCountry "CAN"]

1. e4 c5 2. Nc3 Nc6 3. g3 g6 4. Bg2 Bg7 5. d3 e6 6. f4 Nge7 7. Nf3 d5 8. O-O
O-O 9. g4 Bxc3 10. bxc3 dxe4 11. dxe4 Qxd1 12. Rxd1 b6 13. Be3 Ba6 14. Rd7 Rfd8
15. Rad1 Rxd7 16. Rxd7 Rd8 17. Rxd8+ Nxd8 18. Ne5 f5 19. exf5 exf5 20. g5 Bb7
21. Bxb7 Nxb7 22. c4 Na5 23. Bd2 Nec6 24. Bxa5 Nxe5 25. fxe5 bxa5 26. Kf2 Kf7
27. Kf3 a4 28. a3 Ke7 29. Ke3 Kd7 30. Kf3 Ke7 31. Ke3 Kf7 32. Kf3 Ke7 1/2-1/2

[Event "Scarborough CC Jack Frost Swiss"]
[Site "Toronto CAN"]
[Date "2023.01.26"]
[Round "4.5"]
[White "Zhong, Ryan Yunhui"]
[Black "Desikan, Ajith"]
[Result "0-1"]
[WhiteElo "1963"]
[BlackElo "1712"]
[PlyCount "86"]
[EventDate "2023.01.05"]
[EventType "swiss"]
[EventRounds "6"]
[EventCountry "CAN"]

1. e4 c5 2. Nf3 d6 3. Bb5+ Bd7 4. Bxd7+ Qxd7 5. O-O Nc6 6. c3 Nf6 7. Re1 c4 8.
b3 cxb3 9. axb3 g6 10. d4 Bg7 11. Nbd2 O-O 12. Bb2 Nh5 13. d5 Nb4 14. Nc4 Na6
15. g3 Nf6 16. b4 Ng4 17. e5 Qc7 18. Qd4 Nh6 19. Qf4 Rac8 20. exd6 exd6 21. Na3
Qb6 22. Rad1 Nf5 23. Nh4 Nxh4 24. Qxh4 Bxc3 25. Bxc3 Rxc3 26. Nc4 Qxb4 27. Rd4
Rxc4 28. Rxc4 Qxe1+ 29. Kg2 Nc5 30. Qf6 Qe2 31. Rh4 Qe5 32. Qf3 a5 33. Qd1 b5
34. Qd2 a4 35. Qh6 Qg7 36. Qe3 Ra8 37. Rb4 a3 38. Rxb5 a2 39. Rxc5 dxc5 40. d6
a1=Q 41. d7 Qad4 42. Qf3 Rd8 43. h4 Qxd7 0-1

[Event "Scarborough CC Jack Frost Swiss"]
[Site "Toronto CAN"]
[Date "2023.01.26"]
[Round "4.6"]
[White "Pedersen, Rune"]
[Black "Wu, Nolan"]
[Result "1-0"]
[WhiteElo "2143"]
[BlackElo "1673"]
[PlyCount "91"]
[EventDate "2023.01.05"]
[EventType "swiss"]
[EventRounds "6"]
[EventCountry "CAN"]

1. e4 c5 2. Nf3 d6 3. d4 cxd4 4. Nxd4 Nf6 5. Nc3 g6 6. f4 Nc6 7. Be2 Bg7 8. Nb3
Qb6 9. Bf3 Bd7 10. Qe2 O-O 11. Be3 Qc7 12. O-O Ne8 13. Qd2 f5 14. exf5 Bxf5 15.
g4 Be6 16. Rae1 Qc8 17. h3 Kh8 18. Nd4 Bc4 19. Rf2 e5 20. Nxc6 bxc6 21. fxe5
dxe5 22. Ne4 Bd5 23. Bg2 Nc7 24. Rxf8+ Qxf8 25. Rf1 Qe7 26. Ng5 Rf8 27. Rxf8+
Qxf8 28. b3 Bxg2 29. Kxg2 Nd5 30. Ne6 Qf7 31. Nxg7 Kxg7 32. Bh6+ Kg8 33. c4
Nf4+ 34. Kg3 Ne6 35. Qd6 e4 36. Qb8+ Nf8 37. Qxf8+ Qxf8 38. Bxf8 Kxf8 39. Kf4
Ke7 40. Kxe4 Ke6 41. b4 a6 42. a4 Kd6 43. Kd4 h5 44. b5 cxb5 45. cxb5 a5 46.
Ke4 1-0

[Event "Scarborough CC Jack Frost Swiss"]
[Site "Toronto CAN"]
[Date "2023.02.02"]
[Round "5.1"]
[White "Guo, Josh"]
[Black "Huang, Richard"]
[Result "1/2-1/2"]
[WhiteElo "2254"]
[BlackElo "1948"]
[PlyCount "63"]
[EventDate "2023.01.05"]
[EventType "swiss"]
[EventRounds "6"]
[EventCountry "CAN"]

1. e4 c6 2. d4 d5 3. e5 c5 4. Nf3 Nc6 5. c4 Bg4 6. cxd5 Bxf3 7. Qxf3 Nxd4 8.
Qd1 Qc7 9. Bf4 O-O-O 10. Nc3 f6 11. Bc4 fxe5 12. Bg3 e6 13. O-O Bd6 14. dxe6
Ne7 15. Re1 h5 16. Ne4 Ndf5 17. Qa4 Nxg3 18. hxg3 Nc6 19. Rac1 h4 20. g4 h3 21.
g3 Be7 22. Red1 Nd4 23. Qxa7 Nf3+ 24. Kh1 Qc6 25. Rd7 Rxd7 26. exd7+ Kc7 27.
Rd1 Rd8 28. Qa3 Qxe4 29. Bd5 Rxd7 30. Qxf3 Qxf3+ 31. Bxf3 Rxd1+ 32. Bxd1
1/2-1/2

[Event "Scarborough CC Jack Frost Swiss"]
[Site "Toronto CAN"]
[Date "2023.02.02"]
[Round "5.2"]
[White "Lawless, David"]
[Black "Southam, David"]
[Result "0-1"]
[WhiteElo "1910"]
[BlackElo "2060"]
[PlyCount "119"]
[EventDate "2023.01.05"]
[EventType "swiss"]
[EventRounds "6"]
[EventCountry "CAN"]

1. e4 e6 2. d3 d5 3. Nd2 c5 4. Ngf3 Nc6 5. g3 Bd6 6. Bg2 Nge7 7. O-O O-O 8. Re1
Qc7 9. Qe2 f6 10. b3 Bd7 11. Bb2 d4 12. c3 e5 13. c4 a6 14. h3 b5 15. Kh2 Be6
16. h4 Qd7 17. Ng1 Bf7 18. Bh3 Qb7 19. h5 h6 20. Bg4 Na5 21. Rec1 bxc4 22. Nxc4
Nxc4 23. bxc4 Qc7 24. Rcb1 Rab8 25. Qc2 Rb6 26. Bc1 Rfb8 27. Rxb6 Qxb6 28. Bd1
Nc6 29. a3 Be8 30. Qe2 Ne7 31. Kg2 Kh8 32. Bc2 Qd8 33. g4 Bc7 34. Qd1 Ba5 35.
Ne2 Qd7 36. f3 Rb6 37. Rb1 Qb7 38. Rxb6 Qxb6 39. Ba4 Bf7 40. Bc2 Nc6 41. Ba4
Nd8 42. Bd7 Ne6 43. Bxe6 Bxe6 44. Qa4 Bg8 45. f4 Qd8 46. Qc6 Bb6 47. Bd2 Qc7
48. Qe8 Qd8 49. Qg6 Bh7 50. Qf7 Bg8 51. Qb7 Be6 52. Kg3 Bc8 53. Qf7 Qd7 54. Qg6
Bc7 55. Qf5 Qxf5 56. exf5 Bb7 57. Kf2 e4 58. Kg3 Bc6 59. dxe4 Bxe4 60. Nc1 0-1

[Event "Scarborough CC Jack Frost Swiss"]
[Site "Toronto CAN"]
[Date "2023.02.02"]
[Round "5.3"]
[White "Pedersen, Rune"]
[Black "Yang, Larry"]
[Result "1-0"]
[WhiteElo "2143"]
[BlackElo "1837"]
[PlyCount "79"]
[EventDate "2023.01.05"]
[EventType "swiss"]
[EventRounds "6"]
[EventCountry "CAN"]

1. e4 e5 2. Nf3 Nc6 3. Nc3 Nf6 4. g3 Bc5 5. Bg2 d6 6. d3 a6 7. O-O O-O 8. h3 h6
9. Be3 Be6 10. d4 exd4 11. Nxd4 Nxd4 12. Bxd4 Nd7 13. f4 Qf6 14. Bxc5 Nxc5 15.
Qd2 Rad8 16. Qf2 Nd7 17. Rad1 Nb6 18. Qd4 Qxd4+ 19. Rxd4 c5 20. Rdd1 Nc4 21.
Rfe1 b5 22. b3 Nb6 23. f5 Bc8 24. a4 b4 25. a5 Na8 26. Nd5 Bb7 27. e5 Bxd5 28.
Rxd5 dxe5 29. Rexe5 Nc7 30. Rxd8 Rxd8 31. Rxc5 Nb5 32. Bf1 Rd1 33. Kg2 Rd2+ 34.
Kf3 Nc3 35. Bxa6 Rxc2 36. Bc4 h5 37. Rc8+ Kh7 38. Bxf7 Ra2 39. Bg6+ Kh6 40. h4
1-0

[Event "Scarborough CC Jack Frost Swiss"]
[Site "Toronto CAN"]
[Date "2023.02.02"]
[Round "5.5"]
[White "Sharpe, Sam"]
[Black "Wang, Nathan"]
[Result "1-0"]
[WhiteElo "1927"]
[BlackElo "1626"]
[PlyCount "79"]
[EventDate "2023.01.05"]
[EventType "swiss"]
[EventRounds "6"]
[EventCountry "CAN"]

1. e4 d6 2. c4 Nf6 3. Nc3 e5 4. Nf3 Be7 5. d4 Nbd7 6. Be2 c6 7. O-O h6 8. b3
Qc7 9. Bb2 O-O 10. Rc1 a6 11. Re1 Qb8 12. a4 a5 13. Qc2 Re8 14. Bf1 Bf8 15. h3
b6 16. g3 g6 17. Bg2 Bg7 18. Rcd1 Bb7 19. d5 c5 20. Nh4 g5 21. Nf5 Ba6 22. Bc1
Kh7 23. Be3 Ng8 24. f4 f6 25. Ne2 Ne7 26. Qd2 Nxf5 27. exf5 Bc8 28. Qc2 exf4
29. Bc1 fxg3 30. Nxg3 Rxe1+ 31. Rxe1 Ne5 32. h4 gxh4 33. Nh5 Qc7 34. Rxe5 dxe5
35. d6 Qb8 36. Nxg7 Kxg7 37. Qd2 Ra7 38. Qxh6+ Kf7 39. Qg6+ Kf8 40. Bh6+ 1-0

[Event "Scarborough CC Jack Frost Swiss"]
[Site "Toronto CAN"]
[Date "2023.02.02"]
[Round "5.6"]
[White "Zhong, Ryan Yunhui"]
[Black "Zhong, April"]
[Result "1-0"]
[WhiteElo "1963"]
[BlackElo "1745"]
[PlyCount "76"]
[EventDate "2023.01.05"]
[EventType "swiss"]
[EventRounds "6"]
[EventCountry "CAN"]

1. e4 e6 2. d4 d5 3. Nd2 c5 4. exd5 Qxd5 5. Ngf3 cxd4 6. Bc4 Qd6 7. O-O Nf6 8.
Nb3 Nc6 9. Nbxd4 Nxd4 10. Nxd4 Be7 11. c3 O-O 12. Qf3 Qc7 13. Bb3 Bd7 14. Re1
Bd6 15. h3 e5 16. Nc2 Bc6 17. Qf5 Rae8 18. Bg5 Bd7 19. Qd3 e4 20. Qe2 Kh8 21.
Bxf6 gxf6 22. Ne3 Re5 23. Nd5 Qd8 24. Qe3 Rg8 25. Kh1 Reg5 26. Rg1 R8g6 27. h4
Rg4 28. g3 Kg8 29. Bd1 Qe8 30. Bxg4 Bxg4 31. h5 Bf3+ 32. Kh2 Qe5 33. Nf4 Rg5
34. Rg2 Bxg2 35. Nxg2 Rxh5+ 36. Kg1 Bc5 37. Qe2 Rf5 38. Nf4 e3 1-0

[Event "Scarborough CC Jack Frost Swiss"]
[Site "Toronto CAN"]
[Date "2023.02.02"]
[Round "5.8"]
[White "Wu, Nolan"]
[Black "Kwan, Toy Chack"]
[Result "1-0"]
[WhiteElo "1673"]
[BlackElo "1583"]
[PlyCount "65"]
[EventDate "2023.01.05"]
[EventType "swiss"]
[EventRounds "6"]
[EventCountry "CAN"]

1. e4 e6 2. d4 d5 3. Nd2 Nf6 4. e5 Nfd7 5. Bd3 c5 6. c3 Be7 7. Ne2 b6 8. O-O
Ba6 9. Bxa6 Nxa6 10. f4 f5 11. c4 Nc7 12. cxd5 Nxd5 13. Nc4 O-O 14. Kh1 b5 15.
Ne3 N7b6 16. g4 Nxe3 17. Bxe3 Nd5 18. Bg1 c4 19. Ng3 Bh4 20. gxf5 Bxg3 21. hxg3
Rxf5 22. a3 a5 23. Qe2 Qe8 24. Bh2 Qc6 25. Qe4 Rc8 26. g4 Rf7 27. Rae1 Ne7 28.
Qxc6 Rxc6 29. f5 exf5 30. gxf5 Nxf5 31. e6 Rf6 32. Rxf5 Rxf5 33. e7 1-0

[Event "Scarborough CC Jack Frost Swiss"]
[Site "Toronto CAN"]
[Date "2023.02.09"]
[Round "6.1"]
[White "Southam, David"]
[Black "Huang, Richard"]
[Result "1/2-1/2"]
[WhiteElo "2060"]
[BlackElo "1948"]
[PlyCount "58"]
[EventDate "2023.01.05"]
[EventType "swiss"]
[EventRounds "6"]
[EventCountry "CAN"]

1. d4 d5 2. c4 e6 3. Nc3 Nf6 4. cxd5 exd5 5. Bg5 Be7 6. e3 c6 7. Qc2 O-O 8. Bd3
h6 9. Bh4 Re8 10. Nge2 Ne4 11. Bxe7 Qxe7 12. Bxe4 dxe4 13. Ng3 f5 14. O-O Be6
15. f3 Bc4 16. Nxf5 Qe6 17. fxe4 Bxf1 18. Rxf1 Nd7 19. e5 Rf8 20. h3 h5 21. b3
g6 22. Nd6 Rxf1+ 23. Kxf1 Rf8+ 24. Kg1 Kg7 25. Nce4 Qe7 26. b4 Nb6 27. a3 Nd5
28. Qd2 b6 29. Nc3 Qg5 1/2-1/2

[Event "Scarborough CC Jack Frost Swiss"]
[Site "Toronto CAN"]
[Date "2023.02.09"]
[Round "6.2"]
[White "Ajith, Aayush"]
[Black "Wu, Benjamin"]
[Result "1-0"]
[WhiteElo "2132"]
[BlackElo "1886"]
[PlyCount "95"]
[EventDate "2023.01.05"]
[EventType "swiss"]
[EventRounds "6"]
[EventCountry "CAN"]

1. d4 d5 2. c4 c6 3. Nc3 Nf6 4. Nf3 e6 5. cxd5 exd5 6. Qc2 Be6 7. Bg5 Be7 8. e3
Nbd7 9. Bd3 h6 10. Bf4 O-O 11. O-O a6 12. Rab1 c5 13. dxc5 Nxc5 14. Bf5 Rc8 15.
Rbd1 Nce4 16. Bxe6 fxe6 17. Qb3 Nxc3 18. bxc3 b5 19. a4 Ne4 20. Be5 bxa4 21.
Qxa4 Nxc3 22. Qg4 Rf7 23. Bxc3 Rxc3 24. Qxe6 Qd6 25. Qxd6 Bxd6 26. Rxd5 Bb4 27.
Ne5 Rfc7 28. h4 R3c5 29. Rxc5 Rxc5 30. Nd3 Rc4 31. Nxb4 Rxb4 32. g3 a5 33. Rc1
Kf7 34. Rc6 a4 35. Ra6 g6 36. Kg2 Kg7 37. Kf3 Rc4 38. e4 g5 39. hxg5 hxg5 40.
Kg4 Rxe4+ 41. Kxg5 Re2 42. Ra7+ Kg8 43. f4 Re3 44. g4 a3 45. f5 Rg3 46. f6 Kf8
47. Kf5 Kg8 48. g5 1-0

[Event "Scarborough CC Jack Frost Swiss"]
[Site "Toronto CAN"]
[Date "2023.02.09"]
[Round "6.3"]
[White "Desikan, Ajith"]
[Black "Guo, Josh"]
[Result "0-1"]
[WhiteElo "2254"]
[BlackElo "1712"]
[PlyCount "53"]
[EventDate "2023.01.05"]
[EventType "swiss"]
[EventRounds "6"]
[EventCountry "CAN"]

1. d4 Nf6 2. Bf4 d5 3. e3 c5 4. c3 Nc6 5. Bd3 e6 6. Nf3 Bd6 7. Bg3 O-O 8. O-O
b6 9. Nbd2 Bb7 10. Re1 Ne7 11. Ne5 Ne4 12. Qc2 Nxg3 13. hxg3 f5 14. Ndf3 Ng6
15. Nxg6 hxg6 16. a4 a5 17. b3 g5 18. Kf1 Qf6 19. Qd2 g4 20. Ng1 Rac8 21. Ne2
Qh6 22. Ng1 Rc7 23. Rec1 Rfc8 24. Qe1 Qh2 25. Be2 g5 26. Qd2 Qh6 27. f4 0-1

[Event "Scarborough CC Jack Frost Swiss"]
[Site "Toronto CAN"]
[Date "2023.02.09"]
[Round "6.4"]
[White "Sharpe, Sam"]
[Black "Zhong, Ryan Yunhui"]
[Result "0-1"]
[WhiteElo "1927"]
[BlackElo "1963"]
[PlyCount "30"]
[EventDate "2023.01.05"]
[EventType "swiss"]
[EventRounds "6"]
[EventCountry "CAN"]

1. c4 e6 2. Nc3 d5 3. e3 Nf6 4. Nf3 dxc4 5. Bxc4 a6 6. d4 b5 7. Be2 Bb7 8. O-O
Nbd7 9. a3 c5 10. b3 Qc7 11. Bb2 Ng4 12. g3 h5 13. Rc1 h4 14. Nxh4 Nxh2 15.
Kxh2 Rxh4+ 0-1

[Event "Scarborough CC Jack Frost Swiss"]
[Site "Toronto CAN"]
[Date "2023.02.09"]
[Round "6.5"]
[White "Yang, Larry"]
[Black "Chamberland, Luc"]
[Result "1-0"]
[WhiteElo "1837"]
[BlackElo "1670"]
[PlyCount "69"]
[EventDate "2023.01.05"]
[EventType "swiss"]
[EventRounds "6"]
[EventCountry "CAN"]

1. e4 e6 2. d4 d5 3. e5 c5 4. c3 Nc6 5. Nf3 Bd7 6. Be2 Nge7 7. Na3 a6 8. h4 b5
9. Nc2 h6 10. h5 cxd4 11. cxd4 Nc8 12. g4 Nb4 13. g5 Nxc2+ 14. Qxc2 Ne7 15. Bd3
Rc8 16. Qe2 Nf5 17. Bxf5 exf5 18. g6 Be6 19. Nh4 Bb4+ 20. Kf1 O-O 21. Bf4 Rc4
22. Qe3 Qb6 23. Rd1 fxg6 24. hxg6 Qc7 25. Nf3 Rc2 26. Ng5 Re8 27. Nh7 Qc4+ 28.
Kg2 Qe2 29. Bxh6 Qg4+ 30. Qg3 Qe4+ 31. Kh2 Qe2 32. Be3 Bd2 33. Rxd2 Rxd2 34.
Bxd2 Qxd2 35. Qh4 1-0

[Event "Scarborough CC Jack Frost Swiss"]
[Site "Toronto CAN"]
[Date "2023.02.09"]
[Round "6.6"]
[White "Wang, Nathan"]
[Black "Guan, Daniel"]
[Result "0-1"]
[WhiteElo "1626"]
[BlackElo "1618"]
[PlyCount "52"]
[EventDate "2023.01.05"]
[EventType "swiss"]
[EventRounds "6"]
[EventCountry "CAN"]

1. e4 c5 2. Nc3 Nc6 3. g3 g6 4. Bg2 Bg7 5. d3 d6 6. f4 e6 7. Nge2 Nge7 8. O-O
O-O 9. g4 Rb8 10. Ng3 Nd4 11. Nce2 b5 12. c3 Nxe2+ 13. Qxe2 b4 14. f5 Nc6 15.
g5 Be5 16. cxb4 Rxb4 17. f6 Ba6 18. Rb1 Bd4+ 19. Be3 Ne5 20. Rfd1 Qb6 21. b3 c4
22. Bxd4 Qxd4+ 23. Kh1 cxd3 24. Qd2 Rfb8 25. Qf4 Rc8 26. Qh4 Kh8 0-1

[Event "Scarborough CC Ridout mem. Swiss"]
[Site "Toronto CAN"]
[Date "2023.09.14"]
[Round "1.1"]
[White "Zhong, Ryan Yunhui"]
[Black "Wu, Nolan"]
[Result "1-0"]
[WhiteElo "2035"]
[BlackElo "1994"]
[PlyCount "104"]
[EventDate "2023.09.14"]
[EventType "swiss"]
[EventRounds "6"]
[EventCountry "CAN"]

1. e4 c5 2. Nf3 d6 3. Bb5+ Bd7 4. Bxd7+ Qxd7 5. O-O Nc6 6. c3 d5 7. exd5 Qxd5
8. d4 Rd8 9. Be3 g6 10. Qe2 cxd4 11. Nxd4 Bg7 12. Nb5 Qe5 13. f4 Qb8 14. Nd2
Nf6 15. Nb3 O-O 16. c4 Rfe8 17. Rad1 e5 18. Qc2 Ng4 19. Bc5 exf4 20. Nd6 Ne3
21. Bxe3 Rxe3 22. c5 Be5 23. Qd2 b6 24. Qd5 Qc7 25. Qc4 bxc5 26. Nb5 Qb6 27.
Rxd8+ Nxd8 28. Nxc5 Ne6 29. Na4 Qd8 30. Nxa7 Bd4 31. Nc6 Qc7 32. Kh1 Bg7 33. b4
Ng5 34. b5 Re4 35. Qc2 Re6 36. Nc5 Re8 37. a4 f3 38. gxf3 Qf4 39. Nd3 Qh4 40.
f4 Ne6 41. b6 Nd8 42. b7 Nxb7 43. a5 Qf6 44. a6 Nd8 45. Nxd8 Qxd8 46. Nb4 Bf8
47. Nc6 Qd5+ 48. Qg2 Qd7 49. Rc1 Bc5 50. Qf3 Ba7 51. Rd1 Qc7 52. Qd5 Bb8 1-0

[Event "Scarborough CC Ridout mem. Swiss"]
[Site "Toronto CAN"]
[Date "2023.09.14"]
[Round "1.2"]
[White "Yang, Larry"]
[Black "Wang, Nathan"]
[Result "1-0"]
[WhiteElo "2122"]
[BlackElo "1988"]
[PlyCount "61"]
[EventDate "2023.09.14"]
[EventType "swiss"]
[EventRounds "6"]
[EventCountry "CAN"]

1. e4 c5 2. Nc3 Nc6 3. g3 g6 4. Bg2 Bg7 5. d3 d6 6. f4 e6 7. Nf3 Nge7 8. O-O
O-O 9. Be3 Nd4 10. Rb1 Rb8 11. Ne2 Nec6 12. c3 Nxf3+ 13. Bxf3 e5 14. f5 b5 15.
g4 g5 16. Qd2 f6 17. h4 h6 18. hxg5 hxg5 19. Ng3 Kf7 20. Bd1 Rh8 21. Bb3+ Ke7
22. Nh5 Bh6 23. Kg2 a5 24. Rh1 a4 25. Bd5 Bb7 26. Nxf6 Kxf6 27. Rxh6+ Kg7 28.
Rg6+ Kf8 29. Bxg5 Qd7 30. Rh1 Rxh1 31. Rg8# 1-0

[Event "Scarborough CC Ridout mem. Swiss"]
[Site "Toronto CAN"]
[Date "2023.09.14"]
[Round "1.4"]
[White "Sharpe, Sam"]
[Black "Zhong, April"]
[Result "0-1"]
[WhiteElo "1838"]
[BlackElo "1914"]
[PlyCount "114"]
[EventDate "2023.09.14"]
[EventType "swiss"]
[EventRounds "6"]
[EventCountry "CAN"]

1. e4 e6 2. d4 d5 3. Nc3 Nf6 4. e5 Nfd7 5. f4 c5 6. Nf3 Nc6 7. Be3 a6 8. Qd2 b5
9. Qf2 Qb6 10. dxc5 Bxc5 11. Bxc5 Nxc5 12. Bd3 b4 13. Ne2 a5 14. O-O Rb8 15.
Rfd1 O-O 16. Ned4 f6 17. Nb3 Nd7 18. Qxb6 Rxb6 19. exf6 Rxf6 20. g3 a4 21. Nbd4
Nxd4 22. Nxd4 e5 23. fxe5 Nxe5 24. Rf1 Nxd3 25. cxd3 Ba6 26. Rad1 Kf7 27. Rf2
Rb7 28. Rxf6+ Kxf6 29. Kf2 Re7 30. Rd2 g5 31. Re2 Bxd3 32. Rxe7 Kxe7 33. Nc6+
Kd6 34. Nxb4 Bb1 35. Ke3 Kc5 36. Nd3+ Kc4 37. Ne5+ Kc5 38. Nd3+ Kb5 39. Kd4
Bxa2 40. Kc3 Bc4 41. Ne5 Kc5 42. Nf3 g4 43. Nd4 Kd6 44. Kd2 Ke5 45. Ke3 h5 46.
Nc2 Kf5 47. Kd4 Ke6 48. Ne3 Be2 49. Ng2 Kd6 50. Nf4 Bd1 51. Nxh5 Bf3 52. Nf4
Kc6 53. Nd3 Kb5 54. Ne5 Kb4 55. Nxf3 gxf3 56. Ke3 d4+ 57. Kxf3 d3 0-1

[Event "Scarborough CC Ridout mem. Swiss"]
[Site "Toronto CAN"]
[Date "2023.09.14"]
[Round "1.5"]
[White "Gebhardt, David"]
[Black "Kola, Venkat Karthikeya R"]
[Result "0-1"]
[WhiteElo "1767"]
[BlackElo "1651"]
[PlyCount "58"]
[EventDate "2023.09.14"]
[EventType "swiss"]
[EventRounds "6"]
[EventCountry "CAN"]

1. e4 c5 2. Nf3 d6 3. Nc3 Nf6 4. d4 cxd4 5. Nxd4 e6 6. Bg5 a6 7. Bc4 Be7 8. O-O
O-O 9. Re1 b5 10. Bb3 Bb7 11. Bxe6 fxe6 12. Nxe6 Qc8 13. Nxf8 Qxf8 14. e5 dxe5
15. Rxe5 Nbd7 16. Re6 Bc5 17. Qe2 Qf7 18. Re1 Rf8 19. Bh4 h5 20. h3 Qg6 21. g3
Qf5 22. Bxf6 Qxh3 23. Re4 Nxf6 24. Rf1 Qxg3+ 25. Kh1 Qh3+ 26. Kg1 Nxe4 27. Nxe4
Rf3 28. Nf6+ Rxf6 29. Qe8+ Kh7 0-1

[Event "Scarborough CC Ridout mem. Swiss"]
[Site "Toronto CAN"]
[Date "2023.09.21"]
[Round "2.1"]
[White "Gao, Heye"]
[Black "Zhong, Ryan Yunhui"]
[Result "0-1"]
[WhiteElo "1807"]
[BlackElo "2035"]
[PlyCount "100"]
[EventDate "2023.09.14"]
[EventType "swiss"]
[EventRounds "6"]
[EventCountry "CAN"]

1. e4 e6 2. d4 d5 3. Nc3 Nf6 4. e5 Nfd7 5. f4 c5 6. Nf3 Nc6 7. Be3 a6 8. Be2 b5
9. a3 Qb6 10. Nb1 b4 11. O-O bxa3 12. bxa3 Qb2 13. Nbd2 cxd4 14. Bf2 Bxa3 15.
Nb3 Bc5 16. Qd2 Bb4 17. Qd1 a5 18. Rb1 Qc3 19. Nfxd4 Nxd4 20. Nxd4 Ba6 21. Bb5
Bxb5 22. Nxb5 Qc4 23. Rxb4 Qxb4 24. Nc7+ Ke7 25. Bh4+ f6 26. Qg4 Qb6+ 27. Bf2
Qxc7 28. Qxg7+ Ke8 29. Qxh8+ Nf8 30. exf6 Rb8 31. Qg7 Rb7 32. Bd4 Qc6 33. Qg3
Qxc2 34. Qa3 Qc4 35. Bc5 Nd7 36. Rc1 Rb3 37. Qa1 Qb5 38. Qd4 Rd3 39. Qf2 Nxc5
40. Qxc5 Rd1+ 41. Kf2 Qf1+ 42. Kg3 Rd3+ 43. Kh4 Qxf4+ 44. Kh5 Qf5+ 45. Kh4
Qxf6+ 46. Kh5 Qe5+ 47. Kg4 h5+ 48. Kh4 Rd4+ 49. Kh3 Qf5+ 50. Kg3 h4# 0-1

[Event "Scarborough CC Ridout mem. Swiss"]
[Site "Toronto CAN"]
[Date "2023.09.21"]
[Round "2.2"]
[White "Zhong, April"]
[Black "Yang, Larry"]
[Result "0-1"]
[WhiteElo "1914"]
[BlackElo "2122"]
[PlyCount "74"]
[EventDate "2023.09.14"]
[EventType "swiss"]
[EventRounds "6"]
[EventCountry "CAN"]

1. e4 e5 2. Nf3 Nc6 3. d4 exd4 4. Nxd4 Nf6 5. Nc3 Bb4 6. Nxc6 bxc6 7. Bd3 d5 8.
exd5 cxd5 9. O-O O-O 10. Bg5 c6 11. Qf3 Be7 12. h3 Be6 13. Ne2 h6 14. Bf4 c5
15. Rfd1 Qb6 16. b3 c4 17. bxc4 dxc4 18. Be4 Nxe4 19. Qxe4 Bc5 20. Rab1 Qa5 21.
Be5 Rad8 22. Rxd8 Rxd8 23. Bc3 Qc7 24. Nf4 Bc8 25. Nh5 Bxf2+ 26. Kh1 f5 27. Qf3
Bd4 28. Ng3 Bxc3 29. Qxc3 f4 30. Ne2 Bb7 31. Nd4 Bd5 32. Rf1 Qe5 33. Rd1 f3 34.
gxf3 Qg3 35. Rf1 Rd6 36. Qd2 Qxh3+ 37. Kg1 Rg6+ 0-1